Получение особо чистых фторидов редкоземельных элементов; Физико-технические проблемы в науке, промышленности и медицине (ФТПНПМ-2019)

Bibliografiske detaljer
Parent link:Физико-технические проблемы в науке, промышленности и медицине (ФТПНПМ-2019).— 2019.— [С. 63]
Hovedforfatter: Рудых И. И.
Institution som forfatter: Национальный исследовательский Томский политехнический университет Инженерная школа ядерных технологий Отделение ядерно-топливного цикла
Andre forfattere: Ворошилов Ф. А. Федор Анатольевич
Summary:Заглавие с экрана
Sprog:russisk
Udgivet: 2019
Serier:Инновационные материалы и технологии современной энергетики
Fag:
Online adgang:http://earchive.tpu.ru/handle/11683/56743
Format: MixedMaterials Electronisk Book Chapter
KOHA link:https://koha.lib.tpu.ru/cgi-bin/koha/opac-detail.pl?biblionumber=630328

MARC

LEADER 00000naa2a2200000 4500
001 630328
005 20240119104639.0
035 |a (RuTPU)RU\TPU\conf\31313 
035 |a RU\TPU\conf\31310 
090 |a 630328 
100 |a 20191028d2019 k y0rusy50 ca 
101 0 |a rus 
102 |a RU 
105 |a y z 101zy 
135 |a drgn ---uucaa 
181 0 |a i  
182 0 |a b 
200 1 |a Получение особо чистых фторидов редкоземельных элементов  |f И. И. Рудых, Ф. А. Ворошилов 
203 |a Текст  |c электронный 
225 1 |a Инновационные материалы и технологии современной энергетики 
300 |a Заглавие с экрана 
320 |a [Библиогр.: с. 63 (1 назв.)] 
463 0 |0 (RuTPU)RU\TPU\conf\30850  |t Физико-технические проблемы в науке, промышленности и медицине (ФТПНПМ-2019)  |o сборник научных трудов Международной научно-практической конференции студентов, аспирантов и молодых ученых, г. Томск, 30 сентября - 04 октября 2019 г.  |f Национальный исследовательский Томский политехнический университет (ТПУ) ; под ред. А. Г. Горюнова [и др.]  |v [С. 63]  |d 2019 
610 1 |a труды учёных ТПУ 
610 1 |a электронный ресурс 
610 1 |a особо чистые вещества 
610 1 |a фториды 
610 1 |a редкоземельные элементы 
610 1 |a фторидные соединения 
610 1 |a оптические среды 
610 1 |a фторирующие агенты 
700 1 |a Рудых  |b И. И. 
701 1 |a Ворошилов  |b Ф. А.  |c химик-технолог  |c доцент Томского политехнического университета, кандидат технических наук  |f 1962-  |g Федор Анатольевич  |3 (RuTPU)RU\TPU\pers\30176  |9 14574 
712 0 2 |a Национальный исследовательский Томский политехнический университет  |b Инженерная школа ядерных технологий  |b Отделение ядерно-топливного цикла  |3 (RuTPU)RU\TPU\col\23554 
801 2 |a RU  |b 63413507  |c 20191112  |g RCR 
856 4 |u http://earchive.tpu.ru/handle/11683/56743 
942 |c BK